Численное моделирование процесса микробного осаждения кальцита и его влияние на проницаемость грунтов; Геотехника; № 5-6
| Parent link: | Геотехника: научно-технический журнал.— , 2010- № 5-6.— 2014.— [С. 62-76] |
|---|---|
| 1. Verfasser: | |
| Körperschaft: | |
| Weitere Verfasser: | |
| Zusammenfassung: | Заглавие с экрана Микробно-индуцированное осаждение кальцита (MICP) - процесс цементирования с участием микроорганизмов, который улучшает геотехнические свойства горных пород в результате осаждения карбоната кальция, - становится перспективным методом технической мелиорации грунтов. Эта технология в последние годы используется при производстве строительных материалов, создании водонепроницаемых барьеров, пленок для предотвращения утечек воды или загрязнителей из хранилищ. Как показано в лабораторных испытаниях, использование MICP приводит к увеличению жесткости грунта, снижению проницаемости и увеличению прочности на сдвиг. В данном исследовании представлена численная модель микробного осаждения кальцита для снижения проницаемости массива трещиноватых горных пород и предотвращения утечек из резервуаров для хранения CO[2]. Результаты показывают, что проницаемость трещиноватых пород в радиусе 3 м может снизиться на порядок и в 3 раза в радиусе 5 м от места инъекции. Проницаемость пород уменьшалась на 2 порядка от начального значения. |
| Sprache: | Russisch |
| Veröffentlicht: |
2014
|
| Schlagworte: | |
| Online-Zugang: | http://www.geomark.ru/pages/main/journals/geotechnics_reader/2014/2014.0506/index.html#64 |
| Format: | MixedMaterials Elektronisch Buchkapitel |
| KOHA link: | https://koha.lib.tpu.ru/cgi-bin/koha/opac-detail.pl?biblionumber=653780 |
MARC
| LEADER | 00000naa0a2200000 4500 | ||
|---|---|---|---|
| 001 | 653780 | ||
| 005 | 20250228121431.0 | ||
| 035 | |a (RuTPU)RU\TPU\network\19295 | ||
| 035 | |a RU\TPU\network\19293 | ||
| 090 | |a 653780 | ||
| 100 | |a 20170329d2014 k||y0rusy50 ca | ||
| 101 | 0 | |a rus | |
| 102 | |a RU | ||
| 135 | |a drcn ---uucaa | ||
| 181 | 0 | |a i | |
| 182 | 0 | |a b | |
| 200 | 1 | |a Численное моделирование процесса микробного осаждения кальцита и его влияние на проницаемость грунтов |f Л. А. Строкова, Е. Г. Шигорина | |
| 203 | |a Текст |c электронный | ||
| 300 | |a Заглавие с экрана | ||
| 320 | |a [Библиогр.: с. 76 (27 назв.)] | ||
| 330 | |a Микробно-индуцированное осаждение кальцита (MICP) - процесс цементирования с участием микроорганизмов, который улучшает геотехнические свойства горных пород в результате осаждения карбоната кальция, - становится перспективным методом технической мелиорации грунтов. Эта технология в последние годы используется при производстве строительных материалов, создании водонепроницаемых барьеров, пленок для предотвращения утечек воды или загрязнителей из хранилищ. | ||
| 330 | |a Как показано в лабораторных испытаниях, использование MICP приводит к увеличению жесткости грунта, снижению проницаемости и увеличению прочности на сдвиг. В данном исследовании представлена численная модель микробного осаждения кальцита для снижения проницаемости массива трещиноватых горных пород и предотвращения утечек из резервуаров для хранения CO[2]. Результаты показывают, что проницаемость трещиноватых пород в радиусе 3 м может снизиться на порядок и в 3 раза в радиусе 5 м от места инъекции. Проницаемость пород уменьшалась на 2 порядка от начального значения. | ||
| 461 | |t Геотехника |o научно-технический журнал |d 2010- | ||
| 463 | |t № 5-6 |v [С. 62-76] |d 2014 | ||
| 610 | 1 | |a электронный ресурс | |
| 610 | 1 | |a труды учёных ТПУ | |
| 610 | 1 | |a подземные воды | |
| 610 | 1 | |a кальцит | |
| 610 | 1 | |a осаждение | |
| 610 | 1 | |a численное моделирование | |
| 610 | 1 | |a химические свойства | |
| 610 | 1 | |a грунты | |
| 610 | 1 | |a гидрогеология | |
| 610 | 1 | |a экология | |
| 610 | 1 | |a утечки | |
| 610 | 1 | |a резервуары | |
| 700 | 1 | |a Строкова |b Л. А. |c геолог |c профессор Томского политехнического университета, доктор геолого-минералогических наук |f 1963- |g Людмила Александровна |3 (RuTPU)RU\TPU\pers\25433 |9 11375 | |
| 701 | 1 | |a Шигорина |b Е. Г. | |
| 712 | 0 | 2 | |a Национальный исследовательский Томский политехнический университет (ТПУ) |b Институт природных ресурсов (ИПР) |b Кафедра гидрогеологии, инженерной геологии и гидрогеоэкологии (ГИГЭ) |3 (RuTPU)RU\TPU\col\18664 |
| 801 | 2 | |a RU |b 63413507 |c 20170403 |g RCR | |
| 856 | 4 | 0 | |u http://www.geomark.ru/pages/main/journals/geotechnics_reader/2014/2014.0506/index.html#64 |
| 942 | |c CF | ||